| 000 | 01183nam a22002537a 4500 | ||
|---|---|---|---|
| 005 | 20110722153014.0 | ||
| 008 | 110722t xxu||||| |||| 00| 0 mar d | ||
| 010 | _aMAR-21120 | ||
| 020 | _c120.00 | ||
| 035 | _aMR-13778 | ||
| 037 | _bDBAD/PUB | ||
| 040 |
_aDPL _bMR |
||
| 082 | _a158.1 | ||
| 100 |
_aपरूळेकर,सुरेश _929957 |
||
| 245 |
_aयशस्वी जीवनाची रहस्य / _cसुरेश परूळेकर |
||
| 246 |
_aYashasavi Jeevanache Rahasaya _bby Suresh Parulekar |
||
| 260 |
_aपुणे _bउन्मेष प्रकाशन _c2011 |
||
| 270 |
_aचंद्रनील अपार्टमेंटस्,सी विंग,सिंहगड रस्ता, _bपुणे _e411030 |
||
| 300 |
_a140पृ _c21सेमी(अजिल्द) |
||
| 650 |
_aव्यक्तिमत्व विकास _929958 |
||
| 650 |
_aPersonality Development _929959 |
||
| 942 |
_2ddc _cMR _h158.1 _mपरूळे |
||
| 999 |
_c54257 _d54257 |
||